| 000 | 00318nam a22001217a 4500 | ||
|---|---|---|---|
| 003 | SGT | ||
| 082 |
_a363.7 _bCHA |
||
| 100 | _aCHAUDHARY, DR. RICHA | ||
| 245 | _aNAVIGATING THE LEGAL LANDSCAPE OF ENVIRONMENTAL CHALLENGES IN THE 21ST CENTURY | ||
| 260 |
_aINDIA _bWALNUT PUB. _c2024 |
||
| 300 | _a302 | ||
| 942 |
_2ddc _cBK |
||
| 999 |
_c28970 _d28970 |
||